• 首页
  • 本馆介绍
  • 公告通知
  • 最新文献
  • 馆藏检索
  • 电子资源
  • 读者导购
  • 参考咨询
  • 我的图书馆
  • 登录
  • 详细信息显示
  • 放入我的书架
  • 预约/预借图书
  • 作者相关作品
  • 分类相关作品
  • 丛书相关作品
  • 出版社相关作品

书目信息

  • 表格格式
  • 工作单格式
  • 卡片格式
题名:
定向卸压隔振爆破
    
 
作者: 张志呈 著
分册:  
出版信息: 重庆   重庆出版社  2013
页数: 613页
开本: 21cm
丛书名:
单 册:
中图分类: TB41
科图分类:
主题词: 定向爆破
电子资源:
ISBN: 978-7-229-06818-9
000 00966nam0 2200241 450
001 2349407976
005 20231129134340.06
010    @a978-7-229-06818-9@dCNY46.00
090    @aTB41@bzzc
100    @a20140429d2013 em y0chiy50 ea
101 0  @achi
102    @aCN@b500000
105    @ay z 000yy
200 1  @a定向卸压隔振爆破@Ading xiang xie ya ge zhen bao po@f张志呈著
210    @a重庆@c重庆出版社@d2013
215    @a613页@c图@d21cm
300    @a国家出版基金项目
330    @a本书作者结合多年爆破施工经验及研究成果,系统阐述了工程爆破新兴技术——定向卸压隔振爆破,详细论述了定向卸压隔振爆破的卸压机理和效应、定向卸压隔振爆破材料的作用机制与效果、定向卸压隔振爆破材料间隔层间隔材料的技术原理和效果、数值模拟定向卸压隔振爆破应力波作用的分布规律,并列举了该技术在露天边坡工程、井巷工程的应用实例及施工方法。
606 0  @a定向爆破
690    @aTB41@v5
701  0 @a张志呈@Azhang zhi cheng@4著
801  0 @aCN@b山东中教@c20231126
905    @aBZT@dTB41@e2
    
    定向卸压隔振爆破/张志呈著.-重庆:重庆出版社,2013
    613页:图;21cm
    国家出版基金项目
    
    ISBN 978-7-229-06818-9:CNY46.00
    本书作者结合多年爆破施工经验及研究成果,系统阐述了工程爆破新兴技术——定向卸压隔振爆破,详细论述了定向卸压隔振爆破的卸压机理和效应、定向卸压隔振爆破材料的作用机制与效果、定向卸压隔振爆破材料间隔层间隔材料的技术原理和效果、数值模拟定向卸压隔振爆破应力波作用的分布规律,并列举了该技术在露天边坡工程、井巷工程的应用实例及施工方法。
●
相关链接 在五车中查询图书 在当当中查询图书 在豆瓣中查询图书


正题名:定向卸压隔振爆破     索取号:TB41/2         预约/预借

序号 登录号 条形码 馆藏地/架位号 状态 备注
1 2001166011   2001166011   中教(第二批第二书库)/山东中教(第二批)/1988/ [索取号:TB41/2] 在馆    
2 2001166012   2001166012   中教(第二批第二书库)/山东中教(第二批)/1988/ [索取号:TB41/2] 在馆    
3 2001166013   2001166013   中教(第二批第二书库)/山东中教(第二批)/1988/ [索取号:TB41/2] 在馆    
4 2001166014   2001166014   中教(第二批第二书库)/山东中教(第二批)/1988/ [索取号:TB41/2] 在馆    
5 2001166015   2001166015   中教(第二批第二书库)/山东中教(第二批)/1988/ [索取号:TB41/2] 在馆    
6 2001166016   2001166016   中教(第二批第二书库)/山东中教(第二批)/1988/ [索取号:TB41/2] 在馆    
7 2001166017   2001166017   中教(第二批第二书库)/山东中教(第二批)/1988/ [索取号:TB41/2] 在馆    
8 2001166018   2001166018   中教(第二批第二书库)/山东中教(第二批)/1988/ [索取号:TB41/2] 在馆    
9 2001166019   2001166019   中教(第二批第二书库)/山东中教(第二批)/1988/ [索取号:TB41/2] 在馆    
10 2001166020   2001166020   中教(第二批第二书库)/山东中教(第二批)/1988/ [索取号:TB41/2] 在馆    
11 2001166021   2001166021   中教(第二批第二书库)/山东中教(第二批)/1988/ [索取号:TB41/2] 在馆    
12 2001166022   2001166022   中教(第二批第二书库)/山东中教(第二批)/1988/ [索取号:TB41/2] 在馆    
13 2001166023   2001166023   中教(第二批第二书库)/山东中教(第二批)/1988/ [索取号:TB41/2] 在馆    
14 2001166024   2001166024   中教(第二批第二书库)/山东中教(第二批)/1988/ [索取号:TB41/2] 在馆    
15 2001166025   2001166025   中教(第二批第二书库)/山东中教(第二批)/1988/ [索取号:TB41/2] 在馆    
16 2001166026   2001166026   中教(第二批第二书库)/山东中教(第二批)/1988/ [索取号:TB41/2] 在馆    
17 2001166027   2001166027   中教(第二批第二书库)/山东中教(第二批)/1988/ [索取号:TB41/2] 在馆    
18 2001166028   2001166028   中教(第二批第二书库)/山东中教(第二批)/1988/ [索取号:TB41/2] 在馆    
19 2001166029   2001166029   中教(第二批第二书库)/山东中教(第二批)/1988/ [索取号:TB41/2] 在馆    
20 2001166030   2001166030   中教(第二批第二书库)/山东中教(第二批)/1988/ [索取号:TB41/2] 在馆    
21 2001166031   2001166031   中教(第二批第二书库)/山东中教(第二批)/1988/ [索取号:TB41/2] 在馆    
22 2001166032   2001166032   中教(第二批第二书库)/山东中教(第二批)/1988/ [索取号:TB41/2] 在馆    
23 2001166033   2001166033   中教(第二批第二书库)/山东中教(第二批)/1988/ [索取号:TB41/2] 在馆    
24 2001166034   2001166034   中教(第二批第二书库)/山东中教(第二批)/1988/ [索取号:TB41/2] 在馆    
25 2001166035   2001166035   中教(第二批第二书库)/山东中教(第二批)/1988/ [索取号:TB41/2] 在馆    
26 2001166036   2001166036   中教(第二批第二书库)/山东中教(第二批)/1988/ [索取号:TB41/2] 在馆    
27 2001166037   2001166037   中教(第二批第二书库)/山东中教(第二批)/1988/ [索取号:TB41/2] 在馆    
28 2001166038   2001166038   中教(第二批第二书库)/山东中教(第二批)/1988/ [索取号:TB41/2] 在馆    
29 2001166039   2001166039   中教(第二批第二书库)/山东中教(第二批)/1988/ [索取号:TB41/2] 在馆    
30 2001166040   2001166040   中教(第二批第二书库)/山东中教(第二批)/1988/ [索取号:TB41/2] 在馆    
山东省滨州职业学院图书馆 欢迎您!
大连网信软件有限公司© 版权所有